All 53 Chipotle Ingredients - Statistics

General Stats
  • This quiz has been taken 168 times
  • The average score is 17 of 53
Answer Stats
Hint Answer % Correct
Protein Chicken
91%
Protein Beef
78%
Fruit Tomato
77%
Vegetable Onion
67%
Grain White Rice
65%
Vegetable Romaine Lettuce
64%
Water Water
64%
Grain Brown Rice
63%
Protein Pork
63%
Protein Black Beans
62%
Vegetable White Sweet Corn
61%
Fruit Avocado
57%
Spice Salt
55%
Dairy Milk
54%
Herb Cilantro
53%
Fruit Lime
49%
Protein Pinto Beans
48%
Vegetable Bell Pepper
44%
Vegetable Garlic
40%
Vegetable Jalapeno
36%
Dairy Cultured Cream
35%
Fruit Juice Lime Juice
33%
Herb Oregano
33%
Dairy White Cheddar
33%
Oil Canola Oil
31%
Fruit Juice Lemon Juice
30%
Spice Cumin
28%
Spice Black Pepper
26%
Herb Thyme
22%
Vegetable Chipotle Chili
21%
Vegetable Baby Spinach
18%
Vegetable Soy Beans
18%
Fruit Tomatillo
15%
Carb Honey
11%
Oil Sunflower Oil
11%
Grain Wheat Flour
11%
Vegetable Baby Kale
10%
Dairy Monterey Jack Cheese
10%
Herb Cloves
8%
Vegetable Serrano Pepper
8%
Herb Bay Leaf
7%
Vegetable Poblano Pepper
7%
Spice/Herb Red Wine Vinegar
7%
Vegetable Product Tomato Paste
7%
Grain Corn Masa Flour
6%
Grain Cornstarch
6%
Additive Gypsum
6%
Vegetable Red Chili
6%
Spice Juniper Berries
5%
Additive Vegetable Rennet
5%
Dairy Cheese Cultures
4%
Spice/Herb Distilled Vinegar
4%
Oil Rice Bran Oil
4%
No matching quizzes found
Score Distribution
Percent of People with Each Score
Percentile by Number Answered
Your Score History
You have not taken this quiz